| 000 | 00552nam a2200217 a 4500 | ||
|---|---|---|---|
| 001 | BRCA_3573 | ||
| 005 | 20190320204334.0 | ||
| 008 | 050809s1962----mx-#---###---#000-0#spa-# | ||
| 041 | _aspa | ||
| 044 | _amx | ||
| 050 | 4 |
_aF1210 _b.E86 1962 |
|
| 100 | 1 |
_aEspinosa Porset, Ernesto _99276 |
|
| 245 | 1 | 0 |
_aRipios _cErnesto Espinosa Posert. |
| 260 |
_aMéxico _bs. e. _c1962 |
||
| 300 |
_a258 p. _c21 cm. |
||
| 500 | _aB241 | ||
| 650 | 1 | 4 |
_aBanco de México _99277 |
| 650 | 1 | 4 |
_aMéxico _xVida social y costumbres _98110 |
| 902 | _aGFM | ||
| 942 |
_2lcc _cB |
||
| 999 |
_c3308 _d3308 |
||